Les Bourses dans le monde - Statistiques

Statistiques générales
  • Ce quiz a été pris 162 fois
  • Le résultat moyen est 11 sur 108
Statistiques - réponses
Réponse % Correct
Bourse de Londres
59%
Bourse de Tokyo
47%
NASDAQ
43%
Bourse de Francfort
31%
Bourse de Moscou
29%
Bourse de Milan
26%
Bourse de Bruxelles
25%
Bourse de Hong Kong
24%
Bourse de Madrid
24%
Bourse de Singapour
22%
Bourse de Buenos Aires
21%
Bourse de Shanghai
20%
Bourse de Toronto
20%
Bourse d'Oslo
20%
Bourse de Dublin
19%
Bourse de Lisbonne
19%
Bourse de Sao Paulo
19%
Bourse de Séoul
18%
Bourse d'Alger
17%
Bourse d'Athènes
17%
Bourse de Dubai
17%
Bourse de Zurich
17%
Bourse de Casablanca
16%
Bourse de Chicago
16%
Bourse de Kiev
16%
Bourse de Tunis
15%
Bourse de Vienne
15%
Bourse d'Istanbul
15%
Bourse de Varsovie
14%
Bourse de Budapest
13%
Bourse de Doha
13%
Bourse de Jakarta
13%
Bourse de Montreal
13%
Bourse de Santiago
13%
Bourse de Tel-Aviv
13%
Bourse de Bangkok
12%
Bourse de Caracas
12%
Bourse de Lima
12%
Bourse de Teheran
12%
Bourse de Barcelone
11%
Bourse de Bucarest
11%
Bourse de Zagreb
11%
Burse de Riyadh
11%
Bourse de Belgrade
10%
Bourse de Luxembourg
10%
Bourse de Manille
10%
Bourse de Vancouver
10%
New York Stock Exchange
10%
Bourse de Johannesburg
9%
Bourse de La Paz
9%
Bourse de Prague
9%
Bourse de Sarajevo
9%
Bourse d'Hanoi
9%
Bouse de Minsk
9%
Bourse de Beyrouth
8%
Bourse de Bombay
8%
Bourse de Boston
8%
Bourse de Kuala Lumpur
8%
Bourse de Taiwan
8%
Bourse du Koweit
8%
Bourse de Sofia
7%
Euronext Paris
7%
Bourse de Bratislava
6%
Bourse de Colombie
6%
Bourse de Karachi
6%
Bourse de Nairobi
6%
Bourse de Saint-Petersbourg
6%
Bourse de Skopje
6%
Bourse d'Egypte
5%
Bourse de Kingston
5%
Bourse de Ljubljana
5%
Bourse de Malte
5%
Bourse de Nigeria
5%
Bourse de Philadelphie
5%
Euronext Amsterdam
5%
Bourse de Shenzen
4%
Bourse de Bahrein
3%
Bourse de Bakou
3%
Bourse de Chypre
3%
Bourse de Tbilissi
3%
Bourse de Windhoek
3%
Bourse d'Irak
3%
Bourse du Ghana
3%
Bourse du Mexique
3%
Bourse d'Almaty
2%
Bourse de Kathmandou
2%
Bourse des Seychelles
2%
Bourse de Chisinau
1%
Bourse de Dhaka
1%
Bourse de Maurice
1%
Bourse de Muscat
1%
Bourse de Palestine
1%
Bourse de Vientiane
1%
Bourse d'Ho Chi Minh Ville
1%
Bourse d'Islande
1%
New Zealand Exchange
1%
American Stock Exchange
0%
Australian Stock Exchange
0%
Bourse de Banja Luka
0%
Bourse de Gibraltar
0%
Bourse de Pogdorica
0%
Bourse de Sibiu
0%
Bourse des îles Caiman
0%
Bourse des valeurs mobilières de l'Afrique centrale
0%
Bourse de Torshavn
0%
Bourse régionale des valeurs mobilières
0%
OMX
0%
South Pacific Stock Exchange
0%
Aucun quiz correspondant
Distribution des résultats
% des personnes avec chaque résultat
Percentile par nombre de réponses
Votre historique - résultats
Vous n’avez pas pris ce quiz